00469nmm a2200133Ia 4500008004100000020001800041041000800059100003300067245010300100264005500203300001800258650000800276856005100284251105s9999||||xx |||||||||||||||||und|| a9789561414594 aspa aVivanco Martínez, Ángela 0aCurso de derecho constitucional. Tomo III :b Aspectos orgánicos de la Carta Fundamental de 1980 a[Santiago de Chile, Chile] :bEdiciones UC, c2014 a779 páginas aLaw uhttps://public.digitaliapublishing.com/a/38225